000 00547nam a2200193Ia 4500
005 20260120124621.0
008 008 260114s9999 xx 000 0 eng d
020 _a9780762313044
037 _aEBOOK
040 _aCRL
_beng
_cCRL
041 _aeng
_2eng
084 _qCRL
245 0 _aResearch in Consumer Behavior
260 _bEmerald Publishing
_c2006
700 _aRussell W. Belk
_9908446
856 _uhttps://www.emerald.com/insight/publication/doi/10.1016/S0885-2111(2006)10
942 _cEBOOK
999 _c1500339
_d1500339